| 000 | 01819nam a2200277Ia 4500 | ||
|---|---|---|---|
| 999 |
_c47220 _d47220 |
||
| 001 | 14080 | ||
| 003 | GE_BSU | ||
| 005 | 20241118111050.0 | ||
| 008 | 181216s2014||||ge |||||||||||||| ||geo|| | ||
| 020 | _a9789941935589 | ||
| 040 | _cGE_BSU | ||
| 041 | _ageo | ||
| 080 | _a342.4 გ-59 | ||
| 100 |
_aგოგიაშვილი, გიორგი _97880 |
||
| 245 |
_aკონსტიტუციის საიდუმლოებანი = The mysteries of constitution : _bლექციები შედარებით -კონსტიტუციურ სამართალში / _cგიორგი გოგიაშვილი ; სამეცნ. რედ. : ზაურ ჯინჯოლავა ; საქართველოს დავით აღმაშენებლის სახ. უნ-ტი. |
||
| 264 |
_aთბილისი : _bიურისტების სამყარო, _c2014. |
||
| 300 |
_a480 გვ. _c24 სმ. |
||
| 500 | _aთავფურცელი ქართულ და ინგლისურ ენებზე | ||
| 500 | _a გარეკანზე სათ. : შედარებითი კონსტიტუციური სამართალი | ||
| 504 | _aბიბლიოგრ. ტექსტის შენიშვნებში | ||
| 520 | _aრეზიუმე ინგლისურ ენაზე | ||
| 653 | _aკონსტიტუციის საიდუმლოებანი =The mysteries of constitution | ||
| 653 | _aლექციები შედარებით -კონსტიტუციურ სამართალში | ||
| 700 |
_aჯინჯოლავა, ზაურ _eრედაქტორი _917060 |
||
| 942 |
_cBK _2udc |
||